LEADER 01194nam a2200277 u 4500 001 000000079440 003 CaOOAMICUS 005 20070226123535.0 008 040603s2003 enk u000 u eng u 020 $a0567089029 035 $a10997731 040 $aPUL$bita 100 1 $aBarrett, C. K.$q(Charles Kingsley),$d1917-$0(OLS)http://pul/name/12018 245 10$aOn Paul :$baspects of his life, work and influence in Early Church /$cC. K. Barrett. 260 $aLondon-New York :$bT&T Clark,$c2003. 300 $axii, 250 p. ;$c22 cm 500 $aContiene indici. 504 $aBibliografia in nota 600 04$aPaulus,$cs., apostolo.$0(OLS)http://pul/subject/417 650 4$aChiesa$xStoria$yChiesa primitiva, ca. 30-600.$0(OLS)http://pul/subject/93 850 $aPUL 852 $aPUL$W1$xSL Religione 3$y85$m225. 9 BARCH 1$j120224$nBK-PRI$qDDC 21$B101650$CPULBib$Z2$F101650 $H94321 $82 941 1 $a9 996 $6020$a0567089029$9(OLS)http://pul/number/104441 996 $6245$aOn Paul :$baspects of his life, work and influence in Early Church$9(OLS)http://pul/title/104030 996 $6260$aLondon-New York :$bT&T Clark$9(OLS)http://pul/publisher/75639 LEADER 01354nam a2200325 u 4500 001 000000081389 003 CaOOAMICUS 005 20070226123741.0 008 050321s2004 enk u000 u eng u 020 $a0521775965 035 $a11035503 040 $aPUL$bita 245 04$aThe Cambridge companion to Abelard /$cedited by Jeffrey E. Brower and Kevin Guilfoy. 260 $aCambridge :$bUniversity Press,$cc2004. 300 $axix, 362 p. ;$c23 cm 490 1 $aThe Cambridge companion 500 $aInclude indice. 504 $aBibliografia p. 341-356. 600 14$aAbaelardus, Petrus,$d1079-1142.$0(OLS)http://pul/subject/3036 700 1 $aGuilfoy, Kevin.$0(OLS)http://pul/name/54245 700 1 $aBrower, Jeffrey E.$0(OLS)http://pul/name/54244 830 4$aThe Cambridge companion.$0(OLS)http://pul/title/60427 850 $aPUL 852 $aPUL$W1$xSL Filosofia 2$y80$mPhil A8 55$j103830$nBK-PRI$b $qStampati altre collocazioni$B103830$CPULBib$Z2$F103830 $HPUL97406 $81 941 1 $a10 960 $aAbelard, Peter$d1079-1142$93036 960 $aAbelardo, Pietro,$d1079-1142$93036 996 $6020$a0521775965$9(OLS)http://pul/number/107828 996 $6245$aThe Cambridge companion to Abelard$9(OLS)http://pul/title/106461 996 $6260$aCambridge :$bUniversity Press$9(OLS)http://pul/publisher/49564